<?xml version="1.0" encoding="UTF-8"?>
<record
    xmlns:xsi="http://www.w3.org/2001/XMLSchema-instance"
    xsi:schemaLocation="http://www.loc.gov/MARC21/slim http://www.loc.gov/standards/marcxml/schema/MARC21slim.xsd"
    xmlns="http://www.loc.gov/MARC21/slim">

  <leader>00980nam a2200241 a 4500</leader>
  <controlfield tag="001">49383</controlfield>
  <controlfield tag="003">BD-RjUL</controlfield>
  <controlfield tag="005">20211209054655.0</controlfield>
  <controlfield tag="008">160820s1965    ii a|||| |||| 00| p ben d</controlfield>
  <datafield tag="020" ind1=" " ind2=" ">
    <subfield code="c">: Tk. 2.00</subfield>
  </datafield>
  <datafield tag="035" ind1=" " ind2=" ">
    <subfield code="a">(BD-RjUL)49502</subfield>
  </datafield>
  <datafield tag="040" ind1=" " ind2=" ">
    <subfield code="a">BD-RjUL</subfield>
    <subfield code="b">ben</subfield>
    <subfield code="c">BD-RjUL</subfield>
  </datafield>
  <datafield tag="041" ind1=" " ind2=" ">
    <subfield code="a">ben</subfield>
  </datafield>
  <datafield tag="082" ind1=" " ind2=" ">
    <subfield code="2">23</subfield>
    <subfield code="a">811</subfield>
    <subfield code="b">FRF 1965</subfield>
  </datafield>
  <datafield tag="100" ind1=" " ind2=" ">
    <subfield code="a">&#x9AB;&#x9CD;&#x9B0;&#x9B8;&#x9CD;&#x99F;, &#x9B0;&#x9AC;&#x9BE;&#x9B0;&#x9CD;&#x99F;</subfield>
    <subfield code="9">148247</subfield>
  </datafield>
  <datafield tag="245" ind1="1" ind2="0">
    <subfield code="a">&#x9AB;&#x9CD;&#x9B0;&#x9B8;&#x9CD;&#x99F;&#x9C7;&#x9B0; &#x995;&#x9AC;&#x9BF;&#x9A4;&#x9BE; /</subfield>
    <subfield code="c">&#x9B0;&#x9AC;&#x9BE;&#x9B0;&#x9CD;&#x99F; &#x9AB;&#x9CD;&#x9B0;&#x9B8;&#x9CD;&#x99F; ; &#x9B8;&#x9AE;&#x9CD;&#x9AA;&#x9BE;&#x9A6;&#x9A8;&#x9BE; &#x993; &#x985;&#x9A8;&#x9C1;&#x9AC;&#x9BE;&#x9A6; &#x9B6;&#x9BE;&#x9AE;&#x9B8;&#x9C1;&#x9B0; &#x9B0;&#x9BE;&#x9B9;&#x9AE;&#x9BE;&#x9A8;</subfield>
  </datafield>
  <datafield tag="260" ind1=" " ind2=" ">
    <subfield code="a">&#x9A2;&#x9BE;&#x995;&#x9BE; :</subfield>
    <subfield code="b">&#x9B8;&#x9BE;&#x9B9;&#x9BF;&#x9A4;&#x9CD;&#x9AF;&#x9BF;&#x995;&#x9BE;,</subfield>
    <subfield code="c">&#x9E7;&#x9EF;&#x9EC;&#x9EB;</subfield>
  </datafield>
  <datafield tag="300" ind1=" " ind2=" ">
    <subfield code="a">[&#x9E7;&#x9EE;], &#x9ED;&#x9E7; &#x9AA;&#x9C3;. :</subfield>
    <subfield code="b">&#x99A;&#x9BF;&#x9A4;&#x9CD;&#x9B0; ;</subfield>
    <subfield code="c">&#x9E7;&#x9ED; &#x9B8;&#x9C7;&#x9AE;&#x9BF;.</subfield>
  </datafield>
  <datafield tag="650" ind1=" " ind2=" ">
    <subfield code="a">&#x986;&#x9AE;&#x9C7;&#x9B0;&#x9BF;&#x995;&#x9BE;&#x9A8; &#x995;&#x9AC;&#x9BF;&#x9A4;&#x9BE; </subfield>
    <subfield code="9">148248</subfield>
  </datafield>
  <datafield tag="650" ind1=" " ind2=" ">
    <subfield code="a">American Poetry </subfield>
    <subfield code="9">117173</subfield>
  </datafield>
  <datafield tag="700" ind1=" " ind2=" ">
    <subfield code="a">&#x9B0;&#x9BE;&#x9B9;&#x9AE;&#x9BE;&#x9A8;, &#x9B6;&#x9BE;&#x9AE;&#x9B8;&#x9C1;&#x9B0;, &#x9B8;&#x9AE;&#x9CD;&#x9AA;&#x9BE;&#x9A6;&#x995;  &#x993; &#x985;&#x9A8;&#x9C1;&#x9AC;&#x9BE;&#x9A6;&#x995;</subfield>
    <subfield code="9">148249</subfield>
  </datafield>
  <datafield tag="942" ind1=" " ind2=" ">
    <subfield code="2">ddc</subfield>
    <subfield code="c">BK</subfield>
  </datafield>
  <datafield tag="999" ind1=" " ind2=" ">
    <subfield code="c">49383</subfield>
    <subfield code="d">49383</subfield>
  </datafield>
  <datafield tag="952" ind1=" " ind2=" ">
    <subfield code="0">0</subfield>
    <subfield code="1">0</subfield>
    <subfield code="2">ddc</subfield>
    <subfield code="4">0</subfield>
    <subfield code="7">0</subfield>
    <subfield code="8">NFIC</subfield>
    <subfield code="a">RUCL</subfield>
    <subfield code="b">RUCL</subfield>
    <subfield code="c">Stack</subfield>
    <subfield code="d">1967-04-20</subfield>
    <subfield code="e">U.S.S</subfield>
    <subfield code="l">0</subfield>
    <subfield code="o">B 811 FRF 1965</subfield>
    <subfield code="r">2016-08-20 00:00:00</subfield>
    <subfield code="t">C-2</subfield>
    <subfield code="w">2016-08-20</subfield>
    <subfield code="y">BK</subfield>
  </datafield>
  <datafield tag="952" ind1=" " ind2=" ">
    <subfield code="0">0</subfield>
    <subfield code="1">0</subfield>
    <subfield code="2">ddc</subfield>
    <subfield code="4">0</subfield>
    <subfield code="7">0</subfield>
    <subfield code="8">NFIC</subfield>
    <subfield code="a">RUCL</subfield>
    <subfield code="b">RUCL</subfield>
    <subfield code="c">Stack</subfield>
    <subfield code="d">1967-02-11</subfield>
    <subfield code="e">Nawroge kitabstan, Dhaka</subfield>
    <subfield code="g">2.00</subfield>
    <subfield code="l">0</subfield>
    <subfield code="o">B 811 FRF 1965</subfield>
    <subfield code="r">2016-08-20 00:00:00</subfield>
    <subfield code="t">C-3</subfield>
    <subfield code="w">2016-08-20</subfield>
    <subfield code="y">BK</subfield>
  </datafield>
  <datafield tag="952" ind1=" " ind2=" ">
    <subfield code="0">0</subfield>
    <subfield code="1">0</subfield>
    <subfield code="2">ddc</subfield>
    <subfield code="4">0</subfield>
    <subfield code="7">0</subfield>
    <subfield code="8">NFIC</subfield>
    <subfield code="a">RUCL</subfield>
    <subfield code="b">RUCL</subfield>
    <subfield code="c">Stack</subfield>
    <subfield code="d">1967-02-11</subfield>
    <subfield code="e">Nawroge kitabstan, Dhaka</subfield>
    <subfield code="g">2.00</subfield>
    <subfield code="l">1</subfield>
    <subfield code="o">B 811 FRF 1965</subfield>
    <subfield code="r">2025-08-26 00:00:00</subfield>
    <subfield code="s">2025-08-18</subfield>
    <subfield code="t">C-4</subfield>
    <subfield code="w">2016-09-26</subfield>
    <subfield code="y">BK</subfield>
  </datafield>
  <datafield tag="952" ind1=" " ind2=" ">
    <subfield code="0">0</subfield>
    <subfield code="1">0</subfield>
    <subfield code="2">ddc</subfield>
    <subfield code="4">0</subfield>
    <subfield code="7">0</subfield>
    <subfield code="8">NFIC</subfield>
    <subfield code="a">RUCL</subfield>
    <subfield code="b">RUCL</subfield>
    <subfield code="c">Stack</subfield>
    <subfield code="d">1967-02-11</subfield>
    <subfield code="e">Nawroge kitabstan, Dhaka</subfield>
    <subfield code="g">2.00</subfield>
    <subfield code="l">0</subfield>
    <subfield code="o">B 811 FRF 1965</subfield>
    <subfield code="r">2016-09-26 00:00:00</subfield>
    <subfield code="t">C-5</subfield>
    <subfield code="w">2016-09-26</subfield>
    <subfield code="y">BK</subfield>
  </datafield>
</record>
